Quiz do Catar - Statistics

Estatísticas Gerais
  • Esse quiz foi jogado 731 vezes
  • A pontuação média é 11 de 17
Estatísticas das Respostas
Dica Resposta % Correto
Língua oficial Árabe
97%
Evento que realizou em 2022 Copa do Mundo FIFA
96%
O único país fazendo fronteira com o Catar Arábia Saudita
94%
Capital Doha
93%
País insular perto do Catar Bahrein
87%
Os catarenses têm as maiores emissões per capita do mundo disto Dióxido de {carbono}
87%
Golfo onde o Qatar está Golfo Pérsico
85%
Exportação principal Petróleo
85%
O Catar era uma colônia deste país antes de 1971 Reino Unido
80%
Cite um dos dois países com PIB per capita mais alto que o do Catar Mônaco | Liechtenstein
71%
0% das terras do Qatar são cobertas por _____, o único país do mundo com mais de 1000 km quadrados onde isso é verdade Floresta
61%
Título do líder do Catar Emir
54%
Antes da década de 1920, a economia do Catar girava em torno desses tesouros aquáticos Pérolas
45%
Moeda oficial Rial catarense
44%
Sistema jurídico, começando com "X", que constitui a base das leis do Catar Xaria
31%
O animal nacional, o órix-da-arábia, é uma espécie de ... Antílope
21%
Barco à vela tradicional cujo nome começa com "D" Dhow
8%
Nenhum quiz correspondente encontrado
Distribuição das Pontuações
Porcentagem de Pessoas com Cada Pontuação
Percentil de Números Respondidos
Sua Pontuação Histórica
Você não jogou esse quiz